000 00850nac a22002177a 4500
001 BR8501606
003 BR-BrBNA
005 20240105120254.0
008 230509b bl.|||m| |||| 00| 0 por d
040 _aBR-BrBNA
_bpor
_cBiblioteca Nacional de Agricultura
072 _aH01
090 _aH01 BR8501606
110 1 _aSecretaria Nacional de Defesa Agropecuaria, Brasilia, DF (Brasil). Secretaria de Defesa Sanitaria Vegetal. Secao de Comunicacao Fitossanitaria
_99197
245 1 _aInformativo fitossanitario [defesa vegetal, Brasil]
260 3 _aBrasilia, DF (Brasil):
_c1985.
300 _a19 p.
490 _aInformativo Fitossanitario - Secretaria de Defesa Sanitaria Vegetal. Secao de Comunicacao Fitossanitaria (Brazil)
_vno. 1
_x
650 _aDEFESA VEGETAL
909 _a202312
_bLúcia Elande
_c55
_dLúcia Elande
942 _2AGRIS
_n0
_cMS
999 _c278615
_d278615